banner koha

Espaço leitor: mais que respostas, um caminho para fortalecer a hortifruticultura brasileira (Registro n. 328456)

MARC details
000 -LÍDER
fixed length control field 01106nab a2200325 4500
003 - CÓDIGO MARC DA AGÊNCIA CATALOGADORA
Campo de controle BR-BrBNA
005 - DATA E HORA DA ÚLTIMA ATUALIZAÇÃO
Campo de controle 20241106113948.0
008 - CAMPO DE TAMANHO FIXO
fixed length control field 241106b bl.||||| |||| 00| 0 por d
040 ## - FONTE DA CATALOGAÇÃO
Agência catalogadora BR-BrBNA
Idioma da catalogação por
072 ## - CATEGORIA AGRIS
Código AGRIS E70 ; E16 ; E13
100 ## - ENTRADA PRINCIPAL - NOME PESSOAL
Nome pessoal Corrêa, Rebeca C. Bueno
100 ## - ENTRADA PRINCIPAL - NOME PESSOAL
Nome pessoal Braga, Daiana
245 ## - TÍTULO PRINCIPAL
Título principal Espaço leitor: mais que respostas, um caminho para fortalecer a hortifruticultura brasileira
500 ## - NOTA GERAL
Nota geral 12 illus.
942 ## - ADDED ENTRY ELEMENTS (KOHA)
Koha item type Analítica
520 ## - NOTA DE RESUMO
Nota de conteúdo PHAKOPSORA EUVITIS
520 ## - NOTA DE RESUMO
Nota de conteúdo CONTROLE DE RESÍDUO QUÍMICO
520 ## - NOTA DE RESUMO
Nota de conteúdo INTRODUÇÃO DE ESPÉCIE
650 ## - ASSUNTO - THESAGRO
Cabeçalho tópico ou nome geográfico COMERCIALIZAÇÃO
650 ## - ASSUNTO - THESAGRO
Cabeçalho tópico ou nome geográfico CUSTO DE PRODUÇÃO
650 ## - ASSUNTO - THESAGRO
Cabeçalho tópico ou nome geográfico MANEJO INTEGRADO
650 ## - ASSUNTO - THESAGRO
Cabeçalho tópico ou nome geográfico CRÉDITO
650 ## - ASSUNTO - THESAGRO
Cabeçalho tópico ou nome geográfico SEGURO AGRÍCOLA
650 ## - ASSUNTO - THESAGRO
Cabeçalho tópico ou nome geográfico CONTROLE QUÍMICO
650 ## - ASSUNTO - THESAGRO
Cabeçalho tópico ou nome geográfico RESÍDUO QUÍMICO
650 ## - ASSUNTO - THESAGRO
Cabeçalho tópico ou nome geográfico TRANSGENIA
650 ## - ASSUNTO - THESAGRO
Cabeçalho tópico ou nome geográfico VARIEDADE RESISTENTE
773 0# - ENTRADA ANALÍTICA
Host Biblionumber 4115
Registro do item 345300
Imprenta Piracicaba-SP Centro de Estudos Avançados em Economia Aplicada-CEPEA/USP/ESALQ 2002
Outro identificador 2024-5818
Título Hortifruti Brasil (Brazil)
ISSN 1981-1837
Colação v. 6(61) p. 6-13; (Sep 2007)
Número de controle de registro BR2024002015

Nenhum exemplar disponível.

BINAGRI

Telefone: (61)3218-2567/2388/3357/2097 - binagri@agro.gov.br

Ministério da Agricultura e Pecuária , Esplanada dos Ministérios, Bloco D, Anexo B, Brasília/DF, CEP: 70.043-900